| 000 | 00964nam a2200193 i 4500 | ||
|---|---|---|---|
| 001 | 189565 | ||
| 003 | ES-MaACL | ||
| 005 | 20230906223513.0 | ||
| 008 | 190619s1972 bl |||| | eng d | ||
| 245 | 0 | 4 |
_aThe Rio Symposium on Computer Education for Developing Countries _b: proceedings / _cprepared and edited by Claudia Bussel ; organized by Brazilian Academy of Sciences and Intergovernmental Bureau for Informatics-International Computation Center, August 6-12, 1972. |
| 260 |
_aRío de Janeiro, Brazil : _bAo Livro Técnico, _c[1972] |
||
| 300 |
_a1 v. (pag. var.) ; _c28 cm. |
||
| 546 | _aTexto en inglés; resúmenes en inglés y portugués. | ||
| 650 | 4 |
_aEnseñanza asistida por ordenador- _vCongresos y asambleas. _912301 |
|
| 650 | 0 | 4 |
_aProceso de datos- _vCongresos y asambleas. _916434 |
| 700 | 1 |
_aBussel, Claudia. _9167366 |
|
| 710 | 2 |
_aAcademia Brasileira de Ciências. _9167367 |
|
| 852 |
_aES-MaACL _jL-32442 _z. - Donat. Ernesto García Camarero |
||
| 999 |
_c189565 _d189565 |
||